| 000 | 00477nam a2200181Ia 4500 | ||
|---|---|---|---|
| 003 | GCL | ||
| 008 | 140319s9999 xx 000 0 eng d | ||
| 040 |
_aGCL / _cGCL |
||
| 082 | 0 | 4 |
_a070.5 _bC H |
| 100 | 1 | _aCHARTIER, ROGER | |
| 245 | 1 | 0 |
_aHISTOIRE DE L'EDITION FRANCAISE LE TEMPS DES EDITEURS / _cCHARTIER, ROGER |
| 700 | 1 | _aJEAN MARTIN, HENRI | |
| 260 |
_a[S.N] : _bFAYARD ، _c1990 |
||
| 300 | _a669 P | ||
| 650 | 0 | 4 | _aEDITEURS |
| 650 | 0 | 4 | _aPUBLISHING |
| 942 |
_2ddc _cBK |
||
| 999 |
_c23352 _d23352 |
||